000 00330nam a2200133Ia 4500
008 210210b1981 xxu||||| |||| 00| 0 eng d
082 _a321.8 KHAM
100 _aKHANNA (V N).
245 _aMajor political systems.
260 _aND
_bR Chand & Co.
_c1981
300 _avi,79,2...
690 _aModern Governments
906 _a036338
999 _c86857
_d86857